Writing for the Technical Professions (Record no. 323078)
[ view plain ]
| 000 -LEADER | |
|---|---|
| fixed length control field | 00262 a2200097 4500 |
| 001 - CONTROL NUMBER | |
| control field | 88005 |
| 003 - CONTROL NUMBER IDENTIFIER | |
| control field | NUST |
| 082 ## - DEWEY DECIMAL CLASSIFICATION NUMBER | |
| Classification number | 808.006 IRZ |
| 245 ## - TITLE STATEMENT | |
| Title | Writing for the Technical Professions |
| Statement of responsibility, etc. | Thomas N.Trzyna |
| Medium | English |
| 260 ## - PUBLICATION, DISTRIBUTION, ETC. | |
| Place of publication, distribution, etc. | USA |
| Name of publisher, distributor, etc. | Wadsworth |
| Date of publication, distribution, etc. | 1987 |
| 942 ## - ADDED ENTRY ELEMENTS (KOHA) | |
| Institution code [OBSOLETE] | CAE NUST |
| Koha item type | Book |
| Call number prefix | 808.006 TRE |
| Source of classification or shelving scheme | |
| Withdrawn status | Lost status | Damaged status | Not for loan | Collection code | Permanent Location | Current Location | Date acquired | Total Checkouts | Full call number | Barcode | Date last seen | Price effective from | Koha item type |
|---|---|---|---|---|---|---|---|---|---|---|---|---|---|
| College of Aeronautical Engineering (CAE) | College of Aeronautical Engineering (CAE) | 04/03/2017 | 808.006 TRE | CAEG-2847 | 04/05/2017 | 04/05/2017 | Book |
